Faktory endogénneho rozvoja obce diplomová práca

Salvato in:
Dettagli Bibliografici
Autore principale: Makarová, Dominika
Ente Autore: Národohospodárska fakulta EU. Katedra verejnej správy a regionálneho rozvoja
Altri autori: Žárska, Elena, 1955-
Natura: Libro
Lingua:slovacco
Pubblicazione: Bratislava 2017
Tags: Aggiungi Tag
Nessun Tag, puoi essere il primo ad aggiungerne!!

MARC

LEADER 00000nbm a2200000 4500
001 0231759
005 20171019121155.5
041 0 |a slo 
044 |a SK 
245 1 0 |a Faktory endogénneho rozvoja obce  |b diplomová práca  |c Dominika Makarová ; školiteľ: Elena Žárska 
264 1 |a Bratislava  |c 2017 
300 |a 68 s. 
100 1 |a Makarová, Dominika 
700 1 |a Žárska, Elena, 1955- 
710 2 |a Národohospodárska fakulta EU. Katedra verejnej správy a regionálneho rozvoja